Clubs de Rugby Premiership. - Statistiques

Statistiques générales
  • Ce quiz a été pris 33 fois
  • Le résultat moyen est 8 sur 10
Statistiques - réponses
Classement saison 2024 Clubs % Correct
1er Northampton Saints
100%
8e Leicester Tigers
96%
4e Saracens
93%
7e Exeter Chiefs
89%
2e Bath rugby
85%
5e Bristol Bears
74%
6e Harlequins
70%
10e Newcastle Falcons
70%
3e Sale Sharks
63%
9e Gloucester rugby
48%
Aucun quiz correspondant
Distribution des résultats
% des personnes avec chaque résultat
Percentile par nombre de réponses
Votre historique - résultats
Vous n’avez pas pris ce quiz